|
|
|
|
| LEADER |
00000nam0a2200000 4500 |
| 001 |
261122 |
| 005 |
20231101233534.0 |
| 020 |
|
|
|a RU
|b 83-92855
|
| 035 |
|
|
|a (RuTPU)RU\TPU\book\284096
|
| 090 |
|
|
|a 261122
|
| 100 |
|
|
|a 20140521d1983 k y0rusy5003 ca
|
| 101 |
0 |
|
|a rus
|
| 102 |
|
|
|a RU
|
| 105 |
|
|
|a a z 001zy
|
| 200 |
1 |
|
|a Антимир - реальность?
|f М. Сапожников
|
| 210 |
|
|
|a Москва
|c Знание
|d 1983
|
| 215 |
|
|
|a 176 с.
|c ил.
|
| 225 |
1 |
|
|a Наука и прогресс
|
| 320 |
|
|
|a Библиогр.: с. 175.
|
| 600 |
|
1 |
|a Дирак
|g Поль Адриен Морис
|c английский физик-теоретик
|f 1902-1984
|b П. А. М.
|2 stltpush
|3 (RuTPU)RU\TPU\pers\1890
|
| 606 |
1 |
|
|a Элементарные частицы
|2 stltpush
|3 (RuTPU)RU\TPU\subj\21082
|9 46124
|
| 610 |
1 |
|
|a антимиры
|
| 610 |
1 |
|
|a антивещество
|
| 610 |
1 |
|
|a открытие
|
| 610 |
1 |
|
|a свойства
|
| 610 |
1 |
|
|a Большой взрыв
|
| 610 |
1 |
|
|a проблемы
|
| 675 |
|
|
|a 539.12
|v 3
|
| 700 |
|
1 |
|a Сапожников
|b М. Г.
|g Михаил Григорьевич
|
| 801 |
|
0 |
|a RU
|b RuMRKP
|c 19950704
|g psbo
|
| 801 |
|
1 |
|a RU
|b 63413507
|c 20140521
|
| 801 |
|
2 |
|a RU
|b 63413507
|c 20150428
|g RCR
|
| 942 |
|
|
|c BK
|